[Event "First Frome Open"]
[Site "?"]
[Date "1990.05.18"]
[Round "1"]
[White "D. Littlejohns"]
[Black "G. Lane"]
[WhiteElo "1990"]
[BlackElo "2335"]
[Result "0-1"]

1. e4 e5 2. Nf3 Nc6 3. Bb5 a6 4. Ba4 Nf6 5. O-O Be7 6. Re1 b5 7. Bb3 d6 8.
c3 O-O 9. d4 Bg4 10. d5 Na5 11. Bc2 Qc8 12. Nbd2 c6 13. dxc6 Qxc6 14. Nf1
Nc4 15. h3 Bd7 16. b3 Nb6 17. Bb2 a5 18. Rc1 a4 19. Ng3 axb3 20. axb3 Ra2
21. Rb1 g6 22. Qc1 Ne8 23. Ra1 Rxa1 24. Qxa1 Ng7 25. Qc1 Ne6 26. Qd2 f6 27.
Rd1 Nc5 28. Ne1 Be6 29. b4 Nca4 30. Bxa4 Nxa4 31. f3 Rd8 32. Qc2 d5 33.
exd5 Bxd5 34. Ba1 Rc8 35. Qd2 Bb3 36. Rb1 Rd8 37. Qe3 Bc4 38. Kh1 Qd7 39.
Ne4 Kg7 40. Rc1 Qc7 41. Nf2 Nb6 42. Rd1 Nd5 43. Qc1 Qa7 44. Ne4 f5 45. Ng3
Bh4 46. Kh2 Bxg3+ 47. Kxg3 Ne3 48. Rxd8 Nf1+ 49. Kh4 Qe7+ 50. Qg5 Qxg5+ 51.
Kxg5 h6+ 52. Kh4 g5+ 53. Kh5 Ng3#
0-1

[Event "First Frome Open"]
[Site "?"]
[Date "1990.05.18"]
[Round "1"]
[White "C. Beaumont"]
[Black "R. O'Brien"]
[WhiteElo "2310"]
[BlackElo "1960"]
[Result "1-0"]

1. Nf3 d5 2. c4 Nf6 3. cxd5 Nxd5 4. d4 g6 5. e4 Nb6 6. h3 Bg7 7. Nc3 O-O 8.
Be2 c5 9. d5 e6 10. Bg5 f6 11. Be3 exd5 12. exd5 N8d7 13. O-O Re8 14. a4
Rb8 15. a5 Na8 16. Nb5 a6 17. Nd6 Re7 18. Nc4 b5 19. axb6 Naxb6 20. Na5 Bb7
21. Nc6 Bxc6 22. dxc6 Nf8 23. Bxc5 Qxd1 24. Bxd1 Ree8 25. Bb3+ Kh8 26. Rxa6
Nc8 27. Bf7 Re4 28. c7 Rb5 29. b4 Nd7 30. Ra8
1-0

[Event "First Frome Open"]
[Site "?"]
[Date "1990.05.18"]
[Round "1"]
[White "M. Brown"]
[Black "G. Burgess"]
[WhiteElo "1890"]
[BlackElo "2265"]
[Result "0-1"]

1. e4 Nf6 2. e5 Nd5 3. d4 d6 4. c4 Nb6 5. exd6 cxd6 6. Nf3 g6 7. Be3 Bg7 8.
Nc3 O-O 9. Qd2 Bg4 10. Bd3 Nc6 11. Ne2 d5 12. c5 Nc4 13. Qc2 Nxe3 14. fxe3
Bxf3 15. gxf3 e5 16. O-O-O exd4 17. exd4 Nxd4 18. Nxd4 Bxd4 19. Bb5 Bxc5
20. Kb1 Rc8 21. Qb3 d4 22. Bd3 Qb6 23. Qxb6 Bxb6 24. Be4 Rc7 25. Rc1 Re7
26. Rc4 Kg7 27. Rhc1 f5 28. Bc2 Re2
0-1

[Event "First Frome Open"]
[Site "?"]
[Date "1990.05.18"]
[Round "1"]
[White "M. J. Franklin"]
[Black "G. Jepps"]
[WhiteElo "2255"]
[BlackElo "1890"]
[Result "1-0"]

1. d4 Nf6 2. Nf3 g6 3. Bf4 Bg7 4. e3 O-O 5. Nbd2 c5 6. c3 b6 7. h3 Bb7 8.
Bc4 d6 9. O-O Nbd7 10. Qe2 Re8 11. Bh2 e5 12. dxe5 Nxe5 13. Nxe5 dxe5 14.
e4 Qe7 15. Rfd1 Red8 16. f3 Nh5 17. a4 a6 18. Nf1 Nf4 19. Bxf4 exf4 20.
Rxd8+ Rxd8 21. Bxa6 Bxa6 22. Qxa6 Qc7 23. a5 bxa5 24. Qxa5 Qxa5 25. Rxa5
Bf8 26. Kf2 Rb8 27. Ra2 Rb5 28. Nd2 Be7 29. Nc4 Rb7 30. Ke2 f6 31. Ra6 Kf7
32. Rb6 Rxb6 33. Nxb6 g5 34. Nd5 Bd6 35. b4 cxb4 36. Nxb4 f5 37. exf5 Kf6
38. Nd3 Kxf5 39. Nf2 h5 40. Kd3 Bc5 41. Ne4 Be3 42. c4 g4 43. c5 gxf3 44.
gxf3 Ke5 45. Kc4 h4 46. Kb5
1-0

[Event "First Frome Open"]
[Site "?"]
[Date "1990.05.18"]
[Round "1"]
[White "A. Ponting"]
[Black "S. Hill"]
[WhiteElo "1890"]
[BlackElo "2250"]
[Result "0-1"]

1. d4 Nf6 2. Nc3 d5 3. Bg5 Nbd7 4. e3 c6 5. f4 Qb6 6. Bd3 c5 7. Bb5 Ne4 8.
Nxd5 Qa5+ 9. c3 Nxg5 10. b4 Qd8 11. fxg5 e6 12. dxc5 exd5 13. Qxd5 Be7 14.
c6 bxc6 15. Bxc6 Rb8 16. Rd1 Rb6 17. a4 Qc7 18. b5 O-O 19. Nf3 Nc5
0-1

[Event "First Frome Open"]
[Site "?"]
[Date "1990.05.18"]
[Round "1"]
[White "P. Chapman"]
[Black "P. Helbig"]
[WhiteElo "1825"]
[BlackElo "2090"]
[Result "0-1"]

1. Nf3 Nf6 2. g3 b5 3. Bg2 Bb7 4. O-O d5 5. d3 Nbd7 6. Nbd2 e5 7. c4 bxc4
8. dxc4 d4 9. Qa4 c6 10. Ng5 Qc7 11. Nge4 Be7 12. Nxf6+ Nxf6 13. b4 O-O 14.
Qb3 c5 15. Bxb7 Qxb7 16. bxc5 Qc6 17. Ba3 Nd7 18. Rfc1 Bxc5 19. Bxc5 Nxc5
20. Qb5 Rfc8 21. Rab1 a6 22. Qa5 Qa4 23. Qxa4 Nxa4 24. Ne4 f5 25. Rb4 fxe4
26. Rxa4 Rc5 27. Kf1 a5 28. Ke1 Rb8 29. Kd2 g5 30. f3 exf3 31. exf3 h5 32.
h3 Rb2+ 33. Rc2 Rxc2+ 34. Kxc2 g4 35. hxg4 hxg4 36. fxg4 e4 37. Kd2 Kg7 38.
Ra3 Kg6 39. Rb3 Rxc4 40. Rb5 Ra4 41. Rd5 Rxa2+ 42. Kd1 Ra1+ 43. Kd2 e3+ 44.
Ke2 Ra2+ 45. Ke1 Ra4 46. Ke2 Kf6 47. Rf5+ Ke6 48. Kd3 Kd6 49. Rb5 Ra1 50.
Rb2 Rd1+ 51. Ke4 Rd2 52. Rb1 e2
0-1

[Event "First Frome Open"]
[Site "?"]
[Date "1990.05.18"]
[Round "1"]
[White "G. A. Scholes"]
[Black "B. Gosling"]
[WhiteElo "2055"]
[BlackElo "1810"]
[Result "1-0"]

1. d4 e6 2. Nf3 f5 3. g3 Nf6 4. Bg2 Be7 5. O-O O-O 6. c4 d6 7. Nc3 Qe8 8.
Qc2 Qh5 9. e4 fxe4 10. Nxe4 e5 11. dxe5 dxe5 12. Nxf6+ Bxf6 13. Be3 Bf5 14.
Qb3 Nd7 15. Nd2 Kh8 16. Be4 Bh3 17. Rfe1 Be7 18. Qd1 Bg4 19. Qc2 Nf6 20. f3
Rf7 21. fxg4 Nxg4 22. Nf1 Raf8 23. Qe2 Qh3 24. Bg2 Rxf1+ 25. Bxf1 Qh5 26.
h3
1-0

[Event "First Frome Open"]
[Site "?"]
[Date "1990.05.19"]
[Round "2"]
[White "G. Lane"]
[Black "T. Headlong"]
[WhiteElo "2335"]
[BlackElo "2105"]
[Result "1-0"]

1. e4 c5 2. Nf3 d6 3. d4 cxd4 4. Nxd4 Nf6 5. Nc3 a6 6. f4 e6 7. a4 Be7 8.
Bd3 Qc7 9. O-O Nc6 10. Be3 Nxd4 11. Bxd4 e5 12. Be3 exf4 13. Bxf4 Be6 14.
Qe1 Ng4 15. Qg3 O-O 16. Kh1 Ne5 17. Nd5 Bxd5 18. exd5 g6 19. c4 a5 20. Rac1
b6 21. Be2 Bf6 22. h4 Bg7 23. h5 Rfe8 24. b3 Qe7 25. Bg5 f6 26. Bd2 Qf7 27.
Bf4 Rad8 28. Qf2 Rb8 29. Rc3 f5 30. Rg3 Rb7 31. Be3 Nd7 32. Bd3 Nc5 33. Bc2
Kf8 34. hxg6 hxg6 35. Qf4 Qf6 36. Rd1 Ne4 37. Rh3 Kf7 38. Bd4 Qg5 39. Qf3
Bxd4 40. Rxd4 Kg7 41. Bxe4 fxe4 42. Rxe4 Qc1+ 43. Kh2 Rf7 44. Rh7+
1-0

[Event "First Frome Open"]
[Site "?"]
[Date "1990.05.19"]
[Round "2"]
[White "S. M. Hill"]
[Black "C. Beaumont"]
[WhiteElo "2250"]
[BlackElo "2310"]
[Result "0-1"]

1. d4 Nf6 2. Nf3 g6 3. Bg5 Bg7 4. Nbd2 d5 5. e3 O-O 6. Be2 c5 7. c3 Qb6 8.
Qb3 Nc6 9. O-O Bf5 10. Bxf6 Bxf6 11. Qxd5 cxd4 12. Nc4 Qa6 13. b4 Nxb4 14.
cxb4 d3 15. b5 Qe6 16. Qxe6 fxe6 17. Nce5 dxe2 18. Rfe1 Rfd8 19. Rxe2 Bg4
20. Nxg4 Bxa1 21. Re1 Bb2
0-1

[Event "First Frome Open"]
[Site "?"]
[Date "1990.05.19"]
[Round "2"]
[White "G. Burgess"]
[Black "G. Scholes"]
[WhiteElo "2265"]
[BlackElo "2055"]
[Result "1/2-1/2"]

1. d4 e6 2. c4 f5 3. g3 Nf6 4. Bg2 c6 5. Nf3 d5 6. O-O Bd6 7. Bf4 Bxf4 8.
gxf4 O-O 9. Nbd2 Ne4 10. e3 Nd7 11. Kh1 Ndf6 12. Ne5 Nxd2 13. Qxd2 Bd7 14.
Bf3 Be8 15. Qe2 Nd7 16. Nxd7 Qxd7 17. b4 Qe7 18. a3 Rc8 19. Rac1 Bd7 20.
Rc3 a6 21. c5 Kh8 22. Rg1 Rg8 23. Qf1 g5 24. fxg5 Rxg5 25. Rxg5 Qxg5 26.
Qg2 Qxg2+ 27. Bxg2 Kg7 28. a4 Kf6 29. f4 Ra8 30. Bf1 Be8 31. Be2 Bd7 32.
Kg2 Rg8+ 33. Kf2 Ra8 34. Rc1 Be8 35. Rb1 Bd7 36. Ke1 Be8 37. Kf2 Bd7 38.
Rg1 Rf8 39. Ke1 Rb8 40. Kd2 Rf8 41. Kc3 Ra8 42. Kb3 Rb8 43. Kc3 Ra8 44. h4
Be8 45. Rg2 Bf7 46. Kb2 Be8 47. Rg8 Kf7 48. Rg1 Kf6 49. Kb3 Bf7 50. b5 axb5
51. axb5 Be8 52. Rg8 Kf7 53. Rg5 Kf6 54. Bh5 Bd7 55. b6 Rf8 56. Rg1 Ra8 57.
Rg5 Rf8 58. Rg3 Ra8 59. Rg1
1/2-1/2

[Event "First Frome Open"]
[Site "?"]
[Date "1990.05.19"]
[Round "2"]
[White "P. Helbig"]
[Black "M. Franklin"]
[WhiteElo "2090"]
[BlackElo "2255"]
[Result "1-0"]


1. c4 Nf6 2. g3 e6 3. b3 d5 4. Nf3 Be7 5. Bb2 O-O 6. Bg2 c6 7. O-O b5 8.
Qc2 Bb7 9. d3 Nbd7 10. Nbd2 b4 11. e4 a5 12. e5 Ne8 13. d4 g6 14. h4 Ng7
15. Rfe1 Ba6 16. Nf1 Rc8 17. c5 Bb5 18. a3 Nb8 19. axb4 axb4 20. Bc1 Na6
21. Bg5 Nf5 22. Bxe7 Qxe7 23. Ra5 h5 24. Rea1 Qb7 25. Qd2 Ra8 26. Ne3 Nxe3
27. Qxe3 Nc7 28. Qh6 Rxa5 29. Ng5 Rxa1+ 30. Kh2 1-0

[Event "First Frome Open"]
[Site "?"]
[Date "1990.05.19"]
[Round "2"]
[White "J. Fewkes"]
[Black "D. Littlejohns"]
[WhiteElo "2030"]
[BlackElo "1990"]
[Result "1/2-1/2"]

1. d4 d5 2. c4 e6 3. Nc3 Nf6 4. cxd5 exd5 5. Bg5 Nbd7 6. e3 c6 7. Bd3 Be7
8. Qc2 O-O 9. Nf3 Re8 10. O-O Ne4 11. Bxe7 Qxe7 12. a3 Ndf6 13. b4 Nxc3 14.
Qxc3 a6 15. Qc5 Ne4 16. Qxe7 Rxe7 17. Rfc1 Nd6 18. Nd2 Bf5 19. Bxf5 Nxf5
20. g3 Nd6 21. h4 f6 22. Kg2 Kf7 23. Kf3 Kg6
1/2-1/2

[Event "First Frome Open"]
[Site "?"]
[Date "1990.05.19"]
[Round "2"]
[White "G. Jepps"]
[Black "P. Chapman"]
[WhiteElo "1890"]
[BlackElo "1825"]
[Result "1/2-1/2"]

1. d4 Nf6 2. g3 d5 3. c4 c6 4. Nf3 Bf5 5. Bg2 e6 6. O-O Be7 7. Nc3 h6 8.
Re1 O-O 9. Qb3 Qb6 10. Qxb6 axb6 11. Ne5 Nbd7 12. e4 Nxe5 13. exf5 Nd3 14.
Re2 Nxc1 15. Rxc1 Ne4 16. cxd5 Nxc3 17. bxc3 Ba3 18. Rb1 exd5 19. Rxb6 Ra7
20. Re1 f6 21. Bf3 Rd8 22. Bh5 Kf8 23. Re2 Be7 24. Rb1 Rd7 25. Rbe1 Ra3 26.
Rc1 b5 27. Re6 Rd6 28. Rxd6 Bxd6 29. Rc2 Ra7 30. Kf1 Re7 31. Re2 Rxe2 32.
Bxe2 Ba3 33. Ke1 Ke7 34. Kd2 Kd6 35. Kc2 Kc7 36. Kb3 Bd6 37. a4 bxa4+ 38.
Kxa4 Kb6 39. Kb3 c5 40. dxc5+ Bxc5 41. Bd3 d4 42. cxd4 Bxd4 43. Kc4 Bxf2
44. Kd5 Bg1 45. h3 Bh2 46. g4 Bf4 47. Ke6 h5 48. gxh5 Bh6
1/2-1/2

[Event "First Frome Open"]
[Site "?"]
[Date "1990.05.19"]
[Round "2"]
[White "B. Gosling"]
[Black "M. Brown"]
[WhiteElo "1810"]
[BlackElo "1890"]
[Result "0-1"]

1. f4 d5 2. Nf3 c5 3. e3 Nf6 4. Be2 Nc6 5. d3 g6 6. O-O Bg7 7. a4 O-O 8.
Qe1 Qb6 9. Kh1 e6 10. Nc3 Bd7 11. e4 Nb4 12. Bd1 dxe4 13. dxe4 Bc6 14. Ne5
Rad8 15. Nc4 Qa6 16. Be3 Qxc4 17. Be2 Nxc2 18. Bxc4 Nxe1 19. Rfxe1 b6 20.
a5 Nxe4 21. Nxe4 Bxe4 22. axb6 axb6 23. Ra6 Bxb2 24. Rxb6 Bd4 25. Bc1 Bd5
26. Bd3 Rb8 27. Rd6 Rfd8 28. Ra6 Ra8 29. Rxa8 Rxa8 30. Bb1 Ra1 31. Bd2 Ba2
32. Bxa2 Rxa2 33. Bc1 Ra1 34. g3 Bb2 35. Bd2 Rxe1+ 36. Bxe1 c4 37. Bf2 Kf8
38. Bc5+ Ke8 39. Kg1 Kd7 40. Kf1 Kc6 41. Be3 Kd5 42. Ke2 Bd4 43. Bc1 e5 44.
fxe5 Bxe5 45. Ke3 h5 46. Kf3 Kd4 47. Ke2 Kc3
0-1

[Event "First Frome Open"]
[Site "?"]
[Date "1990.05.19"]
[Round "3"]
[White "C. Beaumont"]
[Black "G. Lane"]
[WhiteElo "2310"]
[BlackElo "2335"]

[Result "1/2-1/2"]

1. Nf3 Nf6 2. c4 g6 3. Nc3 Bg7 4. e4 d6 5. d4 O-O 6. Be2 e5 7. O-O Nc6 8.
d5 Ne7 9. Nd2 c6 10. b4 a5 11. bxa5 Qxa5 12. Qc2 c5 13. a4 Qd8 14. Nb3 Nd7
15. a5 f5 16. f3 f4 17. Bd2 g5 18. Na4 Ra6 19. Rfb1 h5 20. Nb6
1/2-1/2

[Event "First Frome Open"]
[Site "?"]
[Date "1990.05.19"]
[Round "3"]
[White "G. Scholes"]
[Black "P. Helbig"]
[WhiteElo "2055"]
[BlackElo "2090"]
[Result "1-0"]

1. d4 Nf6 2. Nf3 c5 3. e3 g6 4. Bd3 b6 5. O-O Bg7 6. Nbd2 O-O 7. c3 d5 8.
e4 c4 9. Bc2 dxe4 10. Nxe4 Nbd7 11. Qe2 Qc7 12. Nxf6+ Nxf6 13. Ne5 Be6 14.
f4 b5 15. f5 Bd5 16. Bd2 Nd7 17. Ng4 Nf6 18. Rae1 e6 19. Nxf6+ Bxf6 20. Bh6
gxf5 21. Bxf8 Rxf8 22. Qf2 Kh8 23. Bd1 Qc6 24. Bf3 h5 25. Bxd5 Qxd5 26. Qf3
Qxf3 27. Rxf3 Rd8 28. Rh3 h4 29. Rf3 Kg7 30. Ref1 Kf8 31. g4 hxg3 32. hxg3
Bg5 33. Kg2 Ke7 34. g4 Rg8 35. gxf5 Bc1+ 36. Kf2 Bxb2 37. Rb1 Rh8 38. Kg2
Rg8+ 39. Kf1 Bxc3 40. Rxc3 a6 41. a4 Rg5 42. Rf3 bxa4 43. Ra1 c3 44. Rxa4
exf5 45. Rxc3 f4 46. Rxa6 Rd5 47. Rc7+ Kf8 48. Ra4 Kg7 49. Kf2 Kg6 50. Kf3
Rf5 51. Rc5 Rf6 52. d5 Kg7 53. Rd4 Rd6 54. Rc6 Rd8 55. d6 Kf6 56. d7+ Ke5
57. Rd3 f5 58. Rc8
1-0

[Event "First Frome Open"]
[Site "?"]
[Date "1990.05.19"]
[Round "3"]
[White "M. Franklin"]
[Black "J. Fewkes"]
[WhiteElo "2255"]
[BlackElo "2030"]
[Result "1-0"]

1. d4 d5 2. Nf3 Nf6 3. e3 g6 4. c4 c6 5. Nc3 Bg7 6. Be2 O-O 7. O-O dxc4 8.
Bxc4 Bg4 9. h3 Bxf3 10. Qxf3 e6 11. Re1 Nbd7 12. e4 Qa5 13. Bb3 Qh5 14.
Qxh5 Nxh5 15. Be3 Nhf6 16. Rac1 Rfd8 17. g4 Bf8 18. f3 Bb4 19. a3 Ba5 20.
Na4 Bb6 21. Kg2 Re8 22. g5 Nh5 23. f4 Ng7 24. Kf3 Rac8 25. Ba2 Red8 26. b4
Ne8 27. Rb1 Nd6 28. Nc5 Rb8 29. a4 a6 30. h4 Nf8 31. h5 Ne8 32. hxg6 hxg6
33. Rh1 Ng7 34. Rb2 Nh5 35. f5 exf5 36. exf5 Bxc5 37. bxc5 Ng7 38. fxg6
Nxg6 39. Rh6 Kf8 40. Rh7 Kg8 41. Rbh2 Re8 42. Bf4 Rbd8 43. Bd6 Re1 44. R7h6
Rde8 45. Rf2 R8e3+ 46. Kg2 Ne6 47. Bxe6 Rxe6 48. Rh1 Rxh1 49. Kxh1 Re4 50.
Rb2 Rxd4 51. Rxb7 Rxa4 52. Rb6 Rh4+ 53. Kg1 Rg4+ 54. Kf2 Rxg5 55. Rxc6 Ne5
56. Rc8+ Kg7 57. Ke3 Kf6 58. Ke4 Nc4 59. Bf4 Rh5 60. c6 Ke6 61. Re8+ Kf6
62. c7 Nb6 63. Rb8 Nd7 64. c8=Q
1-0

[Event "First Frome Open"]
[Site "?"]
[Date "1990.05.19"]
[Round "3"]
[White "M. Brown"]
[Black "S. Hill"]
[WhiteElo "1890"]
[BlackElo "2250"]
[Result "1-0"]

1. e4 c6 2. Nc3 d5 3. Nf3 dxe4 4. Nxe4 Nf6 5. Neg5 h6 6. Nxf7 Kxf7 7. Ne5+
Kg8 8. Bc4+ e6 9. Ng6 Bc5 10. O-O Na6 11. Nxh8 Kxh8 12. c3 e5 13. Qe2 e4
14. d4 Bd6 15. f3 exf3 16. Qxf3 Bg4 17. Qd3 Qe8 18. Bf4 Bxf4 19. Rxf4 Nc7
20. Qd2 Qg6 21. Bd3 Qg5 22. Rf2 Qxd2 23. Rxd2 Re8 24. h3 Bh5 25. Kf2 Ne4+
26. Bxe4 Rxe4 27. Re1 Rxe1 28. Kxe1 Kg8 29. Rf2 Bf7 30. a3 Kf8 31. Kd2 Nb5
32. Rf4 Nd6 33. g3 g5 34. Rf3 Ke7 35. Kc2 Bd5 36. Re3+ Kf6 37. g4 Be4+ 38.
Kc1 Ke6 39. c4 Kd7 40. c5 Bg2 41. cxd6 Kxd6 42. Kd2 Bd5 43. Kc3 Kd7 44. b4
a6 45. Kd2 Kd6 46. Re8
1-0

[Event "First Frome Open"]
[Site "?"]
[Date "1990.05.19"]
[Round "3"]
[White "T. Headlong"]
[Black "A. Ponting"]
[WhiteElo "2105"]
[BlackElo "1890"]
[Result "1-0"]

1. Nf3 d5 2. g3 Nf6 3. Bg2 c5 4. O-O Nc6 5. d3 e5 6. Nbd2 Be7 7. e4 dxe4 8.
dxe4 Bg4 9. h3 Bxf3 10. Qxf3 O-O 11. c3 b5 12. Re1 Qa5 13. Nf1 Rad8 14. Ne3
Kh8 15. Nd5 Nd4 16. Qd1 Ne6 17. Qe2 Nxd5 18. exd5 Nc7 19. Qxe5 Bf6 20. Qf5
Qb6 21. Bf4 Ne8 22. Rad1 b4 23. Qc2 c4 24. Re4 Qa6 25. cxb4 Qxa2 26. Rxc4
Qxb2 27. Qxb2 Bxb2 28. d6 g5 29. Bxg5 Rxd6 30. Rxd6 Nxd6 31. Rc2 Ba3 32.
Bd2 Rb8 33. Rc6 Rb6 34. Bc3+ Kg8 35. g4 Kf8 36. Kf1 Ke8 37. Ke2 Kd7 38.
Rxb6 axb6 39. Kd1 Nb5 40. Bd2 Bb2 41. Kc2 Bg7 42. Kd3 Nd6 43. Bd5 b5 44.
Be3 f5 45. g5 Bf8 46. Bc5 h6 47. h4 hxg5 48. hxg5 Be7 49. f4 Bf8 50. Bd4
Ne8 51. Kc3 Ng7 52. Be5 Ne6 53. Bb3 Bg7 54. Bxe6+
1-0

[Event "First Frome Open"]
[Site "?"]
[Date "1990.05.19"]
[Round "3"]
[White "D. Littlejohns"]
[Black "G. Jepps"]
[WhiteElo "1990"]
[BlackElo "1890"]
[Result "1/2-1/2"]

1. e4 d6 2. d4 Nf6 3. Nc3 g6 4. Nf3 Bg7 5. Be2 O-O 6. O-O c6 7. h3 Nbd7 8.
Be3 Qc7 9. Qd2 Rd8 10. Ng5 Nf8 11. f4 e5 12. Rf2 exd4 13. Bxd4 h6 14. Nf3
Ne6 15. Be3 d5 16. exd5 Nxd5 17. Nxd5 Rxd5 18. Qc1 b5 19. c3 Kh7 20. c4 Rd8
21. cxb5 cxb5 22. Qxc7 Nxc7 23. Ne5 Be6 24. Bf3 Nd5 25. Re2 Rac8 26. Bxd5
Bxd5 27. Bxa7 Ra8 28. Bc5 Bxa2 29. b4
1/2-1/2

[Event "First Frome Open"]
[Site "?"]
[Date "1990.05.19"]
[Round "3"]
[White "P. Chapman"]
[Black "R. O'Brien"]
[WhiteElo "1825"]
[BlackElo "1960"]
[Result "1-0"]

1. Nf3 Nf6 2. g3 g6 3. Bg2 c5 4. O-O Nc6 5. d3 Bg7 6. e4 d6 7. c3 O-O 8.
Nbd2 Rb8 9. a4 a6 10. Re1 b5 11. axb5 axb5 12. d4 cxd4 13. cxd4 Qb6 14. Nb3
d5 15. e5 Ne4 16. Be3 Qb7 17. Nfd2 Nxd2 18. Qxd2 e6 19. Rec1 f6 20. exf6
Bxf6 21. Qc3 Ne7 22. Bf4 Ra8 23. Rxa8 Qxa8 24. Ra1 Qc6 25. Bf1 g5 26. Qxc6
Nxc6 27. Bd6 Rd8 28. Bc7 Rd7 29. Bb6 Rb7 30. Bc5 Rb8 31. Bd6 Rb7 32. Ra8
Na7 33. Bc5
1-0

[Event "First Frome Open"]
[Site "?"]
[Date "1990.05.20"]
[Round "4"]
[White "G. Lane"]
[Black "G. Scholes"]
[WhiteElo "2335"]
[BlackElo "2055"]
[Result "1-0"]

1. e4 c5 2. Nf3 d6 3. d4 cxd4 4. Nxd4 Nf6 5. Nc3 Nc6 6. Bg5 e6 7. Qd2 a6 8.
O-O-O Bd7 9. f4 b5 10. Bxf6 gxf6 11. g3 Qb6 12. Nce2 Na5 13. Kb1 Rc8 14. b3
Nc6 15. Bh3 Be7 16. Kb2 Rc7 17. Nf3 b4 18. f5 Qa5 19. Nf4 Na7 20. fxe6 fxe6
21. Bxe6 Nb5 22. Bxd7+ Kxd7 23. Nd5 Nc3 24. a4 Nxd1+ 25. Rxd1 Qc5 26. Nxc7
Kxc7 27. Nd4 Kd7 28. c4 bxc3+ 29. Qxc3 Qxc3+ 30. Kxc3 Rc8+ 31. Kb2 Bf8 32.
b4 a5 33. b5 Rc4 34. Nb3 Kc7 35. Rd4 Rxd4 36. Nxd4 Kb6 37. Kc3 Bh6 38. Nf5
1-0

[Event "First Frome Open"]
[Site "?"]
[Date "1990.05.20"]
[Round "4"]
[White "G. Burgess"]
[Black "C. Beaumont"]
[WhiteElo "2265"]
[BlackElo "2310"]
[Result "1/2-1/2"]

1. d4 Nf6 2. c4 c5 3. d5 b5 4. cxb5 a6 5. Nc3 axb5 6. e4 b4 7. Nb5 d6 8.
Bc4 Nbd7 9. Nf3 Nb6 10. Bd3 g6 11. b3 Bg7 12. Bb2 O-O 13. O-O Ba6 14. Re1
Qd7 15. a4 bxa3 16. Nxa3 Bxd3 17. Qxd3 Rfb8 18. Nd2 Qb7 19. Bc3 Qa6 20. Nb5
Qb7 21. Na3 Qa6 22. Nb5 Qb7 23. Na3
1/2-1/2

[Event "First Frome Open"]
[Site "?"]
[Date "1990.05.20"]
[Round "4"]
[White "T. Headlong"]
[Black "M. Franklin"]
[WhiteElo "2105"]
[BlackElo "2255"]

[Result "1-0"]

1. Nf3 Nf6 2. g3 d5 3. Bg2 c6 4. O-O Bf5 5. d3 h6 6. Nbd2 e6 7. b3 Be7 8.
Bb2 O-O 9. e3 a5 10. a3 Na6 11. Qe2 Nc5 12. Ne5 Qc7 13. e4 Bh7 14. Kh1 Rae8
15. f4 Bd8 16. Rae1 Kh8 17. g4 Ng8 18. Qe3 b6 19. Qg3 f6 20. Nef3 Nd7 21.
h4 Qd6 22. Rf2 Bc7 23. e5 fxe5 24. Nxe5 Nxe5 25. Bxe5 Qe7 26. a4 Bd8 27.
Nf3 c5 28. Bh3 Qd7 29. Rg2 Re7 30. Reg1
1-0

[Event "First Frome Open"]
[Site "?"]
[Date "1990.05.20"]
[Round "4"]
[White "P. Helbig"]
[Black "M. Brown"]
[WhiteElo "2090"]
[BlackElo "1890"]

[Result "1-0"]

1. c4 d6 2. g3 g6 3. Bg2 Bg7 4. Nc3 Nf6 5. e4 O-O 6. Nge2 e5 7. O-O Nc6 8.
f4 exf4 9. gxf4 Ng4 10. h3 Nh6 11. d4 f5 12. e5 Ne7 13. d5 Kh8 14. Be3 Nhg8
15. Bd4 c5 16. dxc6 Nxc6 17. Bxc6 bxc6 18. exd6 Nf6 19. c5 Ba6 20. Re1 Re8
21. Nc1 Nh5 22. Bxg7+ Kxg7 23. Qd4+ Kg8 24. Rxe8+ Qxe8 25. Nd3 Bxd3 26.
Qxd3 Nxf4 27. Qc4+ Ne6 28. Re1 Kf7 29. Ne2 Qd7 30. Nf4 Re8 31. Nd3 Kf8 32.
Ne5 Qd8 33. d7 Qg5+ 34. Kh1 Re7 35. Nxc6 Qg3 36. d8=Q+ Nxd8 37. Rxe7 Qxh3+
38. Kg1 Qg3+ 39. Kf1 Qf3+ 40. Ke1 Qh1+ 41. Kd2 Qxc6 42. Rxa7 Qg2+ 43. Kc3
Qg3+ 44. Qd3 Qe5+ 45. Kc4 Qf4+ 46. Kd5 Qh2 47. b4 Qh1+ 48. Kc4 Ne6 49. Qd6+
1-0

[Event "First Frome Open"]
[Site "?"]
[Date "1990.05.20"]
[Round "4"]
[White "J. Fewkes"]
[Black "P. Chapman"]
[WhiteElo "2030"]
[BlackElo "1825"]
[Result "0-1"]

1. d4 Nf6 2. c4 g6 3. Nc3 Bg7 4. e4 d6 5. Nf3 O-O 6. Be2 e5 7. O-O Nc6 8.
d5 Ne7 9. Ne1 Ne8 10. f3 f5 11. Nd3 f4 12. Bd2 g5 13. Rc1 Ng6 14. c5 Rf7
15. cxd6 cxd6 16. Qc2 Bf8 17. Kh1 h5 18. h3 g4 19. fxg4 hxg4 20. Bxg4 Bxg4
21. hxg4 Rh7+ 22. Kg1 Qh4 23. Rf3 Qh2+ 24. Kf1 Nh4 25. Rf2 Nf6 26. Qd1 Qg3
27. Nxf4 Nxg4
0-1

[Event "First Frome Open"]
[Site "?"]
[Date "1990.05.20"]
[Round "4"]
[White "A. Ponting"]
[Black "D. Littlejohns"]
[WhiteElo "1890"]
[BlackElo "1990"]
[Result "1/2-1/2"]

1. d4 d5 2. Nc3 Nf6 3. Bg5 e6 4. e4 dxe4 5. Nxe4 Be7 6. Bxf6 Bxf6 7. Nf3
Nc6 8. c3 O-O 9. Bd3 e5 10. d5 Nb8 11. Qc2 g6 12. Nxf6+ Qxf6 13. O-O-O Bg4
14. Rdg1 Nd7 15. h4 Nc5 16. h5 Qf4+ 17. Nd2 Nxd3+ 18. Qxd3 Bf5 19. Qc4 Qxc4
20. Nxc4 f6 21. hxg6 hxg6 22. Ne3 Bd7 23. c4 Kg7 24. b4 Rh8 25. Kc2 f5 26.
c5 Kf6 27. Kc3 Bb5 28. d6 c6 29. Rd1 Rad8 30. Nc4 Bxc4 31. Kxc4 b5+ 32. Kd3
Ke6 33. Ra1 Kd5 34. Rxh8 Rxh8 35. a4 a5 36. axb5 axb4 37. b6 Kxc5 38. b7
Rb8 39. d7 b3 40. Kc3 b2 41. Rb1 Kb6 42. Rxb2+ Kc7 43. Rd2
1/2-1/2

[Event "First Frome Open"]
[Site "?"]
[Date "1990.05.20"]
[Round "4"]
[White "G. Jepps"]
[Black "B. Gosling"]
[WhiteElo "1890"]
[BlackElo "1810"]
[Result "1-0"]

1. d4 e6 2. g3 f5 3. Bg2 Nf6 4. Nc3 Bb4 5. Nf3 O-O 6. O-O c6 7. a3 Ba5 8.
Bf4 d6 9. b4 Bc7 10. Re1 Nbd7 11. Ng5 Qe8 12. e4 h6 13. Nh3 Nxe4 14. Nxe4
fxe4 15. Bxe4 Nf6 16. Bg2 e5 17. dxe5 dxe5 18. Bc1 Qf7 19. Qe2 Be6 20. f3
Bc4 21. Qf2 Nd5 22. Kh1 Bb6 23. Qd2 Rad8 24. c3 Ne3 25. Qxd8 Rxd8 26. Bxe3
Bc7 27. Nf2 Bd5 28. Ne4 Qh5 29. Nd2 e4 30. f4 b5 31. Nxe4 Qf5 32. Bxa7 Kh8
33. Re2 Qf7 34. Bd4 Re8 35. Rae1 Ra8 36. Nc5 Bxg2+ 37. Kxg2 Rxa3 38. Re8+
Kh7 39. Ne6 Qxe8 40. Ng5+ hxg5 41. Rxe8 gxf4 42. gxf4 Bxf4 43. Re7 Ra2+ 44.
Kf3 Bh6 45. Rc7 Rxh2 46. Rxc6 g5 47. Rc5 Rh5 48. Kg4 Rh4+ 49. Kg3 Kg6 50.
Rxb5 Kh5 51. Rd5 Rg4+ 52. Kf3 Rf4+ 53. Ke3 Kh4 54. Be5 Rf1 55. b5 g4+ 56.
Ke2 Rb1 57. c4 Rc1 58. c5 Rc2+ 59. Kd1 Rf2 60. b6 g3 61. Ke1 Kh3 62. b7
1-0

[Event "First Frome Open"]
[Site "?"]
[Date "1990.05.20"]
[Round "5"]
[White "G. Burgess"]
[Black "G. Lane"]
[WhiteElo "2265"]
[BlackElo "2335"]
[Result "1/2-1/2"]

1. d4 Nf6 2. c4 g6 3. Nc3 Bg7 4. e4 d6 5. Nf3 O-O 6. Be2 e5 7. O-O Nc6 8.
d5 Ne7 9. Bg5 Nh5 10. Ne1 Nf4 11. Nd3 Nxe2+ 12. Qxe2 f6 13. Bd2 f5 14. f4
fxe4 15. Nxe4 exf4 16. Bxf4 Nf5 17. Bg5 Qe8 18. g4 Nd4 19. Qg2 b5 20. Rxf8+
Qxf8 21. Rf1 Qe8 22. c5 Bb7 23. c6 Nxc6 24. dxc6 Qxc6 25. Re1 Re8 26. Nf6+
Kf7 27. Qxc6 Rxe1+ 28. Nxe1 Bxc6 29. Nxh7 Kg8 30. Nf6+ Kf7 31. Nh7 Kg8
1/2-1/2

[Event "First Frome Open"]
[Site "?"]
[Date "1990.05.20"]
[Round "5"]
[White "C. Beaumont"]
[Black "P. Helbig"]
[WhiteElo "2310"]
[BlackElo "2090"]
[Result "1-0"]

1. Nf3 Nf6 2. c4 c5 3. g3 d5 4. Bg2 Nc6 5. O-O dxc4 6. Na3 Qd5 7. Nb5 Qd8
8. Qa4 Bd7 9. Qxc4 a6 10. Nc3 e6 11. d4 b5 12. Qd3 Rc8 13. dxc5 Bxc5 14.
Bg5 h6 15. Bxf6 Qxf6 16. Ne4 Qe7 17. Qc3 Bb4 18. Qxg7 Qf8 19. Nf6+ Ke7 20.
Qxf8+ Rhxf8 21. Nxd7 Kxd7 22. Rfd1+ Ke7 23. Kf1 Rfd8 24. Ne1 Rxd1 25. Rxd1
Nb8 26. f4 Ba5 27. e3 Rd8 28. Nd3 Rc8 29. Ne1 Rd8 30. Rxd8 Bxd8 31. Nd3 f5
32. Ke2 Kd6 33. Ne5 Bf6 34. Nd3 Nd7 35. b4 Kc7 36. e4 fxe4 37. Bxe4 Bd4 38.
g4 a5 39. bxa5 Nc5 40. Kf3 Nxd3 41. Bxd3 Bc3 42. a6 Kb6 43. Bxb5 Bd4 44.
Bc4 e5 45. f5 Kc7 46. Ke4 Kd8 47. h4 Ke7 48. g5 hxg5 49. hxg5 Kf8 50. Kd5
Ke7 51. Kc6
1-0